[Event "Game"]
[Site "http://www.queenalice.com/game.php?id=269119"]
[Date "2007.9.9"]
[Round "-"]
[White "cameleon"]
[Black "od_xavier"]
[Result "1-0"]
[WhiteElo "2083"]
[BlackElo "1701"]

1. d4 d5 2. c4 Nf6 3. cxd5 Nxd5 4. e4 Nb6 5. Nc3 e6 6. Nf3 Be7 7. Bd3 O-O 8. O-O
c5 9. dxc5 Bxc5 10. Bf4 Nc6 11. Rc1 Nb4 12. Bb1 Qe7 13. Qe2 Bd7 14. Rfd1 f6 15.
a3 Nc6 16. Nb5 e5 17. Ba2+ Kh8 18. Be3 Bxe3 19. Qxe3 Bg4 20. Nxa7 Nxa7 21. Qxb6
Nc6 22. Qe3 h6 23. Nh4 Bh5 24. Nf5 Qe8 25. Qg3 Qg6 26. Rd7 Qxg3 27. Nxg3 Bg4 28.
Rxb7 Nd4 29. h3 Ne2+ 30. Nxe2 Bxe2 31. Bd5 Ra4 32. Rcc7 Bd3 33. Rxg7 Bxe4 34.
Bxe4 Rxe4 35. Rh7+ Kg8 36. Rbg7# 1-0

[Event "Game"]
[Site "http://www.queenalice.com/game.php?id=269120"]
[Date "2007.9.9"]
[Round "-"]
[White "od_xavier"]
[Black "cameleon"]
[Result "0-1"]
[WhiteElo "1703"]
[BlackElo "2081"]

1. e4 d5 2. d4 dxe4 3. Bc4 Nf6 4. f4 Nc6 5. Be3 Ng4 6. Bc1 e3 7. Nf3 Nf2 8. Qe2
Nxh1 9. Bxe3 Bf5 10. Nc3 Nb4 11. Kf1 Nxc2 12. Rc1 Nxe3+ 13. Qxe3 c6 14. Kg1 Ng3
15. hxg3 e6 16. Ne5 h5 17. a3 Bd6 18. Nd5 cxd5 19. Bxd5 Bxe5 20. Qxe5 Qxd5 21.
Qxg7 Rf8 22. Rc7 Be4 23. Qf6 Qd6 24. Rc5 Rd8 25. Kh2 Qxd4 26. Re5 Bd5 27. Qh4
Qf2 28. Qh3 Rh8 29. f5 h4 30. g4 Qf4+ 31. Kh1 Bxg2+ 32. Qxg2 Rd1+ 33. Re1 Rxe1+
34. Qg1 Qf3+ 35. Kh2 Rxg1 36. Kxg1 h3 37. Kh2 Qg2# 0-1

[Event "Game"]
[Site "http://www.queenalice.com/game.php?id=269121"]
[Date "2007.9.9"]
[Round "-"]
[White "cameleon"]
[Black "Dominicini"]
[Result "1-0"]
[WhiteElo "2105"]
[BlackElo "1621"]

1. d4 Nf6 2. c4 g6 3. Nc3 Bg7 4. e4 d6 5. Nf3 e6 6. Be2 c6 7. O-O O-O 8. h3 Na6
9. Be3 b5 10. cxb5 cxb5 11. Bxb5 d5 12. e5 Ne4 13. Nxe4 dxe4 14. Bc6 Rb8 15.
Bxe4 f5 16. exf6 Rxf6 17. Bg5 Kh8 18. Rc1 Rxb2 19. Ne5 Qf8 20. Bxf6 1-0

[Event "Game"]
[Site "http://www.queenalice.com/game.php?id=269122"]
[Date "2007.9.9"]
[Round "-"]
[White "Dominicini"]
[Black "cameleon"]
[Result "0-1"]
[WhiteElo "1569"]
[BlackElo "2106"]

1. e4 c5 2. Nf3 d6 3. Bb5+ Bd7 4. Bxd7+ Nxd7 5. d4 cxd4 6. Qxd4 Ngf6 7. Bg5 g6
8. e5 dxe5 9. Nxe5 Qa5+ 10. Bd2 Qxe5+ 11. Qxe5 Nxe5 12. Nc3 O-O-O 13. Nb5 a6 14.
Na7+ Kb8 15. Be3 Nc4 16. Bc5 e6 17. Bxf8 Rhxf8 18. O-O Kxa7 19. b3 Ne5 20. Rfe1
Nc6 21. c4 e5 0-1

[Event "Game"]
[Site "http://www.queenalice.com/game.php?id=269149"]
[Date "2007.9.9"]
[Round "-"]
[White "od_xavier"]
[Black "cameleon"]
[Result "0-1"]
[WhiteElo "1686"]
[BlackElo "2062"]

1. e4 d5 2. d4 dxe4 3. Bc4 Nf6 4. f4 Nc6 5. Be3 Ng4 6. Bc1 e3 7. Nf3 Nf2 8. Qe2
Nxh1 9. Bxe3 Na5 10. Bd3 Bg4 11. Nc3 e6 12. a3 Bxf3 13. Qxf3 Qh4+ 14. g3 Qxh2
15. O-O-O Qxg3 16. Qe2 Bd6 17. Nd5 Qh4 18. f5 Ng3 19. Qe1 Nc6 20. fxe6 fxe6 21.
Kb1 O-O-O 22. Nc3 Qg4 23. d5 exd5 24. Nxd5 Bxa3 25. Ne7+ Bxe7 26. Rc1 Bg5 27.
Bc4 Rhe8 28. c3 Rxe3 29. Qg1 Qxc4 30. Qf2 Re2 31. Qxg3 Rdd2 32. Rc2 Rd1+ 33. Rc1
Rxc1# 0-1

[Event "Game"]
[Site "http://www.queenalice.com/game.php?id=269150"]
[Date "2007.9.9"]
[Round "-"]
[White "cameleon"]
[Black "od_xavier"]
[Result "1-0"]
[WhiteElo "2095"]
[BlackElo "1690"]

1. d4 d5 2. c4 Nf6 3. cxd5 Nxd5 4. e4 Nb6 5. Nc3 e6 6. Nf3 Bb4 7. a3 Be7 8. Bd3
O-O 9. Be3 c5 10. O-O cxd4 11. Nxd4 Bc5 12. Nxe6 fxe6 13. Bxc5 Rf7 14. e5 Nc6
15. f4 Nd5 16. Nxd5 exd5 17. Qc2 Bg4 18. h3 Bd7 19. Bxh7+ Kh8 20. Bg6 Nxe5 21.
fxe5 Rxf1+ 22. Rxf1 Qg5 23. Bf7 Bxh3 24. e6 Rc8 25. e7 Qxe7 26. Bxe7 Rxc2 27.
gxh3 d4 28. Bg6 Rc8 29. Bc5 d3 30. Bxa7 d2 31. Be3 Rc1 32. Bxd2 Rxf1+ 33. Kxf1
Kg8 34. Be4 b6 35. Be3 b5 36. Bc5 Kf7 37. Bc6 Kf6 38. Bxb5 Kf5 39. a4 Kf4 40. a5
Kg3 41. a6 Kxh3 42. a7 g5 43. a8=Q g4 44. Qh1+ Kg3 45. Bd6# 1-0

[Event "Game"]
[Site "http://www.queenalice.com/game.php?id=269163"]
[Date "2007.9.9"]
[Round "-"]
[White "cameleon"]
[Black "trunksjackson"]
[Result "1-0"]
[WhiteElo "2019"]
[BlackElo "1940"]

1. d4 Nf6 2. c4 g6 3. Nc3 d5 4. cxd5 Nxd5 5. e4 Nxc3 6. bxc3 Bg7 7. Nf3 O-O 8.
Be3 c5 9. Be2 Nc6 10. Qd2 cxd4 11. cxd4 Bg4 12. Rd1 Qa5 13. O-O Rfd8 14. d5 Rac8
15. Qxa5 Nxa5 16. Rc1 b6 17. Bg5 Bf8 18. Ba6 Rxc1 19. Rxc1 Bxf3 20. gxf3 f6 21.
Be3 Kf7 22. Rc7 f5 23. Rxa7 Bg7 24. Bxb6 1-0

[Event "Game"]
[Site "http://www.queenalice.com/game.php?id=269164"]
[Date "2007.9.9"]
[Round "-"]
[White "trunksjackson"]
[Black "cameleon"]
[Result "0-1"]
[WhiteElo "1940"]
[BlackElo "2003"]

1. e4 c5 2. Nf3 d6 3. d4 cxd4 4. Nxd4 Nf6 5. Nc3 a6 6. Bd3 Nc6 7. Nb3 g6 8. f3
Bg7 9. Be3 O-O 10. g4 d5 11. exd5 Nxd5 12. Qd2 Ne5 13. Be4 Nxe3 14. Qxe3 Nc4 15.
Qc1 Be6 16. Nc5 Qc7 17. Nxe6 fxe6 18. O-O Rad8 19. Rb1 Rd2 20. Rf2 Bd4 21. Nd1
Qb6 0-1

[Event "Game"]
[Site "http://www.queenalice.com/game.php?id=269165"]
[Date "2007.9.9"]
[Round "-"]
[White "cameleon"]
[Black "technicaldraw"]
[Result "1-0"]
[WhiteElo "1946"]
[BlackElo "1970"]

1. d4 Nf6 2. c4 e6 3. Nc3 Bb4 4. e3 O-O 5. Bd3 d5 6. Nf3 c5 7. a3 Bxc3+ 8. bxc3
dxc4 9. Bxc4 Qc7 10. Qc2 b6 11. Be2 Bb7 12. O-O Ng4 13. g3 h5 14. Ng5 f5 15. f3
Qe7 16. e4 Nh6 17. Bc4 Rf6 18. exf5 Nxf5 19. Re1 Bc8 20. Bd5 Bb7 21. Bxe6+ Kh8
22. Bf4 Qf8 23. Bxf5 Rxf5 24. Qxf5 1-0

[Event "Game"]
[Site "http://www.queenalice.com/game.php?id=269166"]
[Date "2007.9.9"]
[Round "-"]
[White "technicaldraw"]
[Black "cameleon"]
[Result "0-1"]
[WhiteElo "1952"]
[BlackElo "1969"]

1. e4 c5 2. Nf3 d6 3. d4 cxd4 4. Nxd4 Nf6 5. Nc3 a6 6. Be3 e5 7. Nf3 Be7 8. Bc4
Nc6 9. O-O O-O 10. Re1 Be6 11. Bd5 Qc7 12. Ng5 Bxd5 13. exd5 Na5 14. Nf3 Nc4 15.
Bc1 b5 16. b3 Nb6 17. Bb2 b4 18. Ne4 Nfxd5 19. Rc1 Rac8 20. c4 bxc3 21. Nxc3
Nxc3 22. Bxc3 Qb7 23. Ba5 Rxc1 24. Qxc1 Rc8 25. Qd2 Nd5 26. Rd1 Nf4 27. Qe3 Rc2
28. Be1 Re2 29. Qc3 Rxa2 0-1

[Event "AUTO-OPEN-821"]
[Site "http://www.queenalice.com/game.php?id=280635"]
[Date "2007.10.3"]
[Round "2"]
[White "cameleon"]
[Black "Hernani"]
[Result "1/2-1/2"]
[WhiteElo "2083"]
[BlackElo "2041"]

1. d4 Nf6 2. Nf3 d5 3. c4 e6 4. Nc3 c6 5. e3 Nbd7 6. cxd5 exd5 7. Bd3 Bb4 8. O-O
O-O 9. Qb3 a5 10. Bd2 Bd6 11. Rae1 Re8 12. e4 a4 13. Qc2 dxe4 14. Nxe4 Nxe4 15.
Bxe4 Nf6 16. Bd3 h6 17. Rxe8+ Qxe8 18. Re1 Qd8 19. Ne5 Be6 20. Bc4 Nd5 21. Qe4
Qb6 22. Re2 Qxb2 23. Bxh6 Qa1+ 24. Re1 Qc3 25. Rc1 Qa5 26. Be3 Re8 27. h3 Nxe3
28. Qxe3 Bd5 29. g3 Re7 30. Qc3 Qxc3 31. Rxc3 Bxe5 32. dxe5 Rxe5 33. Bxd5 Rxd5
34. Rc4 b5 35. Rxc6 Rd2 36. Rb6 Rxa2 37. Rxb5 a3 38. Ra5 Kf8 39. Ra7 Ra1+ 40.
Kg2 a2 41. h4 g6 42. Kf3 Kg8 43. Kg4 1/2-1/2

[Event "AUTO-OPEN-821"]
[Site "http://www.queenalice.com/game.php?id=280636"]
[Date "2007.10.3"]
[Round "2"]
[White "Hernani"]
[Black "cameleon"]
[Result "1-0"]
[WhiteElo "2022"]
[BlackElo "2101"]

1. e4 e5 2. Nf3 Nc6 3. Bb5 a6 4. Ba4 Nf6 5. O-O Be7 6. Re1 b5 7. Bb3 O-O 8. h3
Bb7 9. d3 a5 10. a4 b4 11. Nbd2 Re8 12. Nc4 Bc5 13. Be3 Bxe3 14. Nxe3 d6 15. Qd2
h6 16. c3 Rb8 17. Bc4 Bc8 18. Bb5 Bd7 19. Bxc6 Bxc6 20. Nc4 Bd7 21. Nxa5 bxc3
22. Qxc3 Nh5 23. d4 exd4 24. Qxd4 Re6 25. Qd2 Qe8 26. b3 Nf6 27. Qc2 Nxe4 28.
Nd4 Re5 29. Nac6 Bxc6 30. Qxc6 Rb4 31. Rad1 Kh7 32. f4 Re7 33. Qc2 Rb6 34. a5
Ra6 35. Nf5 Re6 36. Ng3 1-0

[Event "AUTO-OPEN-812"]
[Site "http://www.queenalice.com/game.php?id=335940"]
[Date "2008.1.13"]
[Round "2"]
[White "cameleon"]
[Black "serrameira"]
[Result "1-0"]
[WhiteElo "2107"]
[BlackElo "1750"]

1. d4 d5 2. Nf3 Nc6 3. Bf4 f6 4. e3 Bf5 5. Bd3 Bxd3 6. cxd3 h5 7. h3 g5 8. Bg3
Bg7 9. Nc3 e6 10. Qb3 b6 11. Nb5 Na5 12. Qa4 Rc8 13. Nd6+ Ke7 14. Nxc8+ Qxc8 15.
Rc1 c6 16. b4 h4 17. Bh2 Nb7 18. Rxc6 Qd8 19. Rc7+ 1-0

[Event "AUTO-OPEN-812"]
[Site "http://www.queenalice.com/game.php?id=335941"]
[Date "2008.1.13"]
[Round "2"]
[White "serrameira"]
[Black "cameleon"]
[Result "0-1"]
[WhiteElo "1750"]
[BlackElo "2108"]

1. e4 e6 2. d4 d5 3. Nc3 Bb4 4. a3 Bxc3+ 5. bxc3 Ne7 6. e5 O-O 7. Nf3 h6 8. Be2
b6 9. O-O Ba6 10. Bxa6 Nxa6 11. Qe2 Nb8 12. c4 Nbc6 13. cxd5 Qxd5 14. c3 Na5 15.
h3 Qc6 16. Bb2 Nd5 17. Rac1 Nf4 18. Qe3 g5 19. h4 Nc4 20. d5 Qxd5 0-1

[Event "AUTO-INT-607"]
[Site "http://www.queenalice.com/game.php?id=352601"]
[Date "2008.2.11"]
[Round "2"]
[White "Santista37"]
[Black "cameleon"]
[Result "0-1"]
[WhiteElo "1723"]
[BlackElo "2110"]

1. d4 Nf6 2. Nc3 d5 3. Bf4 Bf5 4. e3 e6 5. a3 Bd6 6. Bg5 h6 7. Bxf6 Qxf6 8. Bd3
Nd7 9. Qe2 Bxd3 10. Qxd3 Qg5 11. g3 O-O 12. O-O-O c5 13. Nb5 c4 14. Qe2 Qe7 15.
Nf3 a6 16. Nc3 Bc7 0-1

[Event "AUTO-INT-607"]
[Site "http://www.queenalice.com/game.php?id=352602"]
[Date "2008.2.11"]
[Round "2"]
[White "cameleon"]
[Black "Santista37"]
[Result "1-0"]
[WhiteElo "2109"]
[BlackElo "1725"]

1. d4 d5 2. c4 dxc4 3. Nf3 Bf5 4. Nc3 e6 5. e4 Bg4 6. Bxc4 Bb4 7. a3 Bxc3+ 8.
bxc3 h6 9. Rb1 b6 10. Qa4+ c6 11. Ne5 Nf6 12. f3 Bh5 13. Nxc6 Nxc6 14. Qxc6+ Qd7
15. Qxa8+ Qd8 16. Bb5+ 1-0

[Event "AUTO-INT-607"]
[Site "http://www.queenalice.com/game.php?id=352603"]
[Date "2008.2.11"]
[Round "2"]
[White "Bebeto"]
[Black "cameleon"]
[Result "0-1"]
[WhiteElo "2132"]
[BlackElo "2123"]

1. e4 c5 2. c3 d5 3. exd5 Qxd5 4. d4 cxd4 5. cxd4 Nc6 6. Nf3 e5 7. Nc3 Bb4 8.
Bd2 Bxc3 9. Bxc3 exd4 10. Nxd4 Nf6 11. Nxc6 Qxc6 12. Rc1 O-O 13. f3 Bf5 14. Bd4
Qd6 15. Bc5 Rfe8+ 16. Kf2 Qf4 17. g3 Qh6 18. Rc4 Rad8 19. Bd4 Ne4+ 20. fxe4 Rxe4
21. Be2 Rdxd4 22. Qxd4 Rxd4 23. Rxd4 Qf6 24. Rhd1 Bc2+ 25. Rf4 Qb6+ 26. Kg2 Bxd1
27. Bxd1 Qc6+ 28. Kg1 g5 29. Rf1 Qc5+ 30. Rf2 Qc1 31. Rf1 Kg7 32. Bb3 Qe3+ 33.
Kh1 f5 34. Kg2 Qe4+ 35. Kg1 f4 36. gxf4 gxf4 37. Rf2 Kh6 38. Bc2 Qe6 39. a3 Qg8+
40. Kf1 Qc4+ 41. Ke1 Qd4 42. Bb1 Qe3+ 43. Kf1 Qc1+ 44. Kg2 Qxb1 45. Re2 Kh5 46.
Kf2 Kg4 47. h3+ Kxh3 48. Kf3 Qd3+ 49. Kf2 Qxe2+ 50. Kxe2 Kg2 0-1

[Event "AUTO-INT-607"]
[Site "http://www.queenalice.com/game.php?id=352604"]
[Date "2008.2.11"]
[Round "2"]
[White "cameleon"]
[Black "Bebeto"]
[Result "1-0"]
[WhiteElo "2146"]
[BlackElo "2144"]

1. d4 Nf6 2. c4 g6 3. Nc3 Bg7 4. e4 d6 5. Nf3 O-O 6. Be2 e5 7. d5 Bd7 8. O-O Na6
9. Bg5 h6 10. Be3 Ng4 11. Bd2 f5 12. h3 Nf6 13. exf5 Bxf5 14. Nh4 Nxd5 15. Nxf5
Nxc3 16. Nxh6+ Bxh6 17. Bxc3 Kh7 18. b4 Qe7 19. Bd3 Qe6 20. Re1 Rf6 21. Re4 Raf8
22. Rg4 c6 23. Qe1 Nc7 24. Rd1 Re8 25. f3 b5 26. Bb2 bxc4 27. Rxc4 d5 28. Rc2
Qd6 29. Kh1 Kg7 30. Rc5 Re7 31. Ra5 Na8 32. b5 Nb6 33. bxc6 Qc7 34. Bb5 d4 35.
Rd3 Ree6 36. Rb3 Re7 37. Ba3 Ref7 38. Bc5 Be3 39. Rba3 Qb8 40. Qd1 Rc7 41. Qc2
Bf4 42. Rb3 Qe8 43. Ra6 Be3 44. a4 Qe6 45. a5 Nc8 46. Bc4 Qf5 47. Qxf5 gxf5 48.
Rb7 Rxc6 49. Rxc6 Rxb7 50. Rxc8 Rb1+ 51. Kh2 Bf4+ 52. g3 Rb2+ 53. Kh1 Rb1+ 54.
Kg2 Rb2+ 55. Kf1 Rb1+ 56. Ke2 Bxg3 57. a6 Rb2+ 58. Kd3 Bf4 59. Bd5 Rd2+ 60. Kc4
Rd1 61. Rc7+ Kg6 62. Rxa7 Rc1+ 63. Kb5 Rb1+ 64. Kc6 Ra1 65. Ra8 d3 66. a7 d2 67.
Bb3 e4 68. fxe4 fxe4 69. Rg8+ Kf5 70. a8=Q Rxa8 71. Rxa8 e3 72. Bc2+ Kg5 73.
Be7+ Kh5 74. Ra5+ 1-0